Directors by Picture - Statistics

General Stats
  • This quiz has been taken 94 times
  • The average score is 9 of 16
Answer Stats
Picture Answer % Correct
Steven Spielberg
98%
Woody Allen
94%
James Cameron
87%
Roman Polanski
78%
Akira Kurosawa
70%
M. Night Shyamalan
66%
J. J. Abrams
61%
Greta Gerwig
59%
Charlie Chaplin
55%
Michael Bay
55%
Danny Boyle
46%
Steve McQueen
45%
Steven Soderbergh
40%
Richard Linklater
39%
Luc Besson
24%
Michael Curtiz
18%
No matching quizzes found
Score Distribution
Percent of People with Each Score
Percentile by Number Answered
Your Score History
You have not taken this quiz